000 00663pam a2200205 a 4500
020 _a047159072X (acidfree paper)
040 _cDLC
082 0 0 _a363 JON 1993 A011 Or.
245 0 4 _aThe emerging global food system :
_bpublic and private sector issues /
260 _aNew York :
_bJohn Wiley,
_cc1993.
300 _axii, 252 p. ;
_c25 cm.
650 0 _aNutrition policy
650 0 _aFood industry and trade
650 0 _aFood supply
700 1 _aGaull, Gerald E.
700 1 _aGoldberg, Ray Allan,
856 4 2 _uhttp://www.loc.gov/catdir/description/wiley032/93016590.html
856 4 _uhttp://www.loc.gov/catdir/toc/onix02/93016590.html
942 _cEK
999 _c13596
_d13596